00281nam a2200109Ia 4500008004100000100002400041245003600065260002400101650002200125942000700147999001700154190216s9999||||xx |||||||||||||| ||und|| aVeera Raghavan Nair 0aNalekanunnavane Innu Kanunnilla bNational Book Stall aMalayalam Nadakam cBK c24362d24362